| 000 | 00641cab a2200241 4500 | ||
|---|---|---|---|
| 001 | WB3006-40 | ||
| 008 | 090401t1994 xxu||||| |||| 00| 0 eng d | ||
| 035 | _a(Sirsi) u67148 | ||
| 041 | _aeng | ||
| 245 | _aTrees branch out | ||
| 260 | _c1994 | ||
| 350 | _a0 | ||
| 490 |
_aFinancial Times _v9 February 1994, 18(1) |
||
| 520 | _aWillow and poplar are being grown to provide fuel as sources of renewable energy. | ||
| 650 | _aBIOFUELS | ||
| 650 | _aPOPLAR TREES | ||
| 650 | _aRENEWABLE ENERGY SOURCES | ||
| 650 | _aWILLOW TREES | ||
| 690 |
_aEnvironment _96238 |
||
| 690 | _aRURAL PRACTICE | ||
| 942 | _n0 | ||
| 948 | _c04/03/1997 | ||
| 999 |
_c42017 _d42017 |
||